000 00921nam a22002297a 4500
001 10090
003 FISKH
005 20260407115102.0
008 260407b cb ||||| |||| 00| 0 eng d
020 _a9781420635782
040 _aFISKH
_beng
_cFISKH
_dFISKH
050 _aQA135 .D35
082 _a372.7
100 _aSmith, Robert W.
245 _aProblem-solving math /
_cAuthor : Robert W. Smith
260 _aWestminster :
_bTeacher Created Resources,
_c2011.
300 _a176 pages ;
_billustrations ;
_c28 cm
520 _aSolving word problems requires both strategy and skill. When confronted with a problem, students need to figure out how to solve the problemand then solve it! The 250 exercises in each book help students learn a variety of strategies for solving problems as well as grade-specific math skills.
650 _aMathematics
_vProblem‑solving
942 _2ddc
_cBK
_n0
999 _c10090
_d10090